مجموعة القوانين المصرية المختارة من الفقه الإسلامي / (رقم التسجيلة. 31441)
[ عرض عادي ]
| 000 -LEADER | |
|---|---|
| fixed length control field | 00579nam a22001817a 4500 |
| 005 - DATE AND TIME OF LATEST TRANSACTION | |
| control field | 20251108165807.0 |
| 008 - FIXED-LENGTH DATA ELEMENTS--GENERAL INFORMATION | |
| fixed length control field | 250721s1949 xx 000 0 ara d |
| 082 14 - DEWEY DECIMAL CLASSIFICATION NUMBER | |
| Classification number | م/347.9962/محم |
| 100 1# - MAIN ENTRY--PERSONAL NAME | |
| Personal name | السنهوري، محمد أحمد فرج |
| 245 10 - TITLE STATEMENT | |
| Title | مجموعة القوانين المصرية المختارة من الفقه الإسلامي / |
| 264 1# - PRODUCTION, PUBLICATION, DISTRIBUTION, MANUFACTURE, AND COPYRIGHT NOTICE | |
| Place of production, publication, distribution, manufacture | القاهره : |
| Name of producer, publisher, distributor, manufacturer | مطبعة مصر، |
| Date of production, publication, distribution, manufacture, or copyright notice | 1949. |
| 300 ## - PHYSICAL DESCRIPTION | |
| Extent | ج |
| 500 ## - GENERAL NOTE | |
| General note | ج3- في قانون الوقف (1) |
| 650 17 - SUBJECT ADDED ENTRY--TOPICAL TERM | |
| Topical term or geographic name as entry element | القانون |
| 650 17 - SUBJECT ADDED ENTRY--TOPICAL TERM | |
| Topical term or geographic name as entry element | مصر |
| 942 ## - ADDED ENTRY ELEMENTS (KOHA) | |
| Source of classification or shelving scheme | Dewey Decimal Classification |
| Koha item type | مراجع |
| حالة السحب | حالة الفقدان | مصدر التصنيف | حالة التلف | غير قابل للإعارة | المكتبة الرئيسية | المكتبة الحالية | موقع الرف | تاريخ التزويد | الرقم المتسلسل | Total Checkouts | رقم الإستدعاء | الباركود | تاريخ آخر ظهور | تاريخ الفاتورة | نوع المادة (كوها) |
|---|---|---|---|---|---|---|---|---|---|---|---|---|---|---|---|
| Dewey Decimal Classification | Not For Loan | المكتبة المركزية | المكتبة المركزية | مراجع | 06/07/2004 | 62173 | م/347.9962/محم | 62173 | 28/07/2025 | 06/07/2004 | مراجع | ||||
| Dewey Decimal Classification | Not For Loan | مكتبة الحسن العامة | مكتبة الحسن العامة | مراجع | 06/07/2004 | 2391 | م/347.9962/محم | 2391 | 28/07/2025 | 06/07/2004 | مراجع |